000 00428nam a2200181Ia 4500
003 OSt
005 20260212115250.0
008 210210b1903 xxu||||| |||| 00| 0 eng d
040 _cAL
041 _aeng
082 _a821/141
100 _aChaucer G
_9148437
245 _aPrologue
_b: Pollard
260 _aLondon
_bMacmillan & Co. Ltd.
_c1903
690 _aEnglish Literature
_9148438
906 _a011310
942 _2ddc
_cBK
999 _c129985
_d129985